000 00678nam a2200217 u 4500
005 20240314063649.0
008 141027s2009 es r 000 0 spa d
020 _a9788426137470
035 _aUPN01000200536
049 _aI
050 4 _aPS3552 A6.4
_bD5.2
100 1 _aBanks, Kate,
_d1960-
_933486
245 1 3 _aUn día con papá /
_cKate Banks ; il. Lauren Castillo ; tr. Iolanda Rabascall.
260 _aBarcelona, Esp. :
_bJuventud,
_c2009.
300 _a[32] p. :
_bil. col.
534 _pTitulo original:
_tThat's papa's way
650 4 _aCuentos infantiles estadounidenses
_910762
650 4 _aPADRES E HIJAS
_922396
905 _aInfantil
999 _c172637
_d172637